000 00649nam a2200229 a 4500
005 20210219153250.0
008 991125n 000 0 u
035 _aUPN01000087276
100 _aCavallaro, Marion L.
222 _aCOUNSELOR EDUCATION AND SUPERVISION
245 _aA master's degree specialization in gerontological counseling
300 _a70-78
362 _a32, No. 1, 1992
505 _aMarzo 1993
653 0 _aDESARROLLO DE PROGRAMAS
653 0 _aEVALUACION DE PROGRAMAS
653 0 _aFORMACION DEL ASESOR
653 0 _aGERONTOLOGIA
653 0 _aPROGRAMAS MAESTROS
904 _aAC
_b025087
905 _aArticulo
999 _c72491
_d72491